书目信息 |
| 题名: |
破译生命的密码
|
|
| 作者: | 董仁威 | |
| 分册: | ||
| 出版信息: | 成都 四川辞书出版社 2001 |
|
| 页数: | 117 | |
| 开本: | 19cm | |
| 丛书名: | ||
| 单 册: | ||
| 中图分类: | Q755 | |
| 科图分类: | ||
| 主题词: | 分子遗传学 | |
| 电子资源: | ||
| ISBN: | 7-80543-871-4 | |
| 000 | 00503nam0 2200181 450 | |
| 001 | 0741144344 | |
| 005 | 20070817112544.34 | |
| 010 | @a7-80543-871-4@d¥8.00 | |
| 100 | @a20070817d km y0chiy0120 ea | |
| 101 | 0 | @achi |
| 200 | 1 | @a破译生命的密码@Apo yi sheng ming de mi ma@f董仁威@Fdong ren wei |
| 210 | @a成都@c四川辞书出版社@d2001 | |
| 215 | @a117@c彩图@d19cm | |
| 606 | 0 | @a分子遗传学 |
| 690 | @aQ755@v3 | |
| 701 | 0 | @a董仁威@Adong ren wei |
| 801 | 0 | @aCN@bPFT@c20070817 |
| 905 | @a213230@dQ755@en1@f1 | |
| 破译生命的密码/董仁威.-成都:四川辞书出版社,2001 |
| 117:彩图;19cm |
| ISBN 7-80543-871-4:¥8.00 |
| ● |
| 相关链接 |
|
|
|
|
正题名:破译生命的密码
索取号:Q755/n1
 
预约/预借
| 序号 | 登录号 | 条形码 | 馆藏地/架位号 | 状态 | 备注 |
| 1 | 6601417 | 266014172 | 密集书库-生命科学系/ [索取号:Q755/n1] | 在馆 |